| 000 | 00645nam a22001577a 4500 | ||
|---|---|---|---|
| 003 | OSt | ||
| 005 | 20151002171414.0 | ||
| 008 | 151002b xxu||||| |||| 00| 0 eng d | ||
| 040 | _cRUA | ||
| 082 | _aAVM CHE 1995 B069 Or.1 | ||
| 100 |
_91817 _aCHEA BOROMMALYNY |
||
| 245 | _aParites and parasitic diseases in dog found in phonm penh city, (ប៉ារ៉ាស៊ីត និង ជំងឺបង្កឡើងដោយប៉ារ៉ាស៊ីតចំពោះឆ្កែជួបប្រទះនៅរាជធានីភ្នំពេញ) | ||
| 260 |
_aphnom penh _bRUA _c1995 |
||
| 300 |
_a40p. _bill. _c29cm. |
||
| 942 |
_2ddc _cAVM |
||
| 999 |
_c1717 _d1717 |
||